| 000 | 00538nam a22001817a 4500 | ||
|---|---|---|---|
| 999 |
_c193702 _d193702 |
||
| 005 | 20221130110835.0 | ||
| 010 | _aENG-135613 | ||
| 020 |
_c550.00 _a978-93-90569-79-3 |
||
| 035 | _aEN-119145 | ||
| 037 | _bDBAD/PUB | ||
| 082 | _a270 | ||
| 245 |
_aEncounter and experience _cedited by SJ Kuruvilla Pandikattu |
||
| 260 |
_c2021 _bTheological Publication _aDelhi |
||
| 270 |
_aP.O.1585, Kashmiri Gate _bDelhi _e110006 |
||
| 300 |
_a429p _c23cm(pbk) |
||
| 700 | _aKuruvilla Pandikattu, SJ | ||
| 942 |
_2ddc _cEN _mENC _h270 |
||